• 首页
  • 本馆介绍
  • 公告通知
  • 最新文献
  • 馆藏检索
  • 电子资源
  • 读者导购
  • 参考咨询
  • 我的图书馆
  • 登录
  • 详细信息显示
  • 放入我的书架
  • 预约/预借图书
  • 作者相关作品
  • 分类相关作品
  • 丛书相关作品
  • 出版社相关作品

书目信息

  • 表格格式
  • 工作单格式
  • 卡片格式
题名:
党的知识读本
    
 
作者: 徐仲伟 主编
分册:  
出版信息: 重庆   西南师范大学出版社  2000
页数: 222页
开本: 20cm
丛书名:
单 册:
中图分类: D219
科图分类: 33.121
主题词:
电子资源:
ISBN: 7-5621-2315-2
000 00655nam0 2200229 45
001 0198028507
005 20070713083615.42
010    @a7-5621-2315-2@dCNY12.00
100    @a19980519d2000 em y0chiy0121 ea
101 0  @achi
102    @aCN
105    @ay z 000yy
200 10 @a党的知识读本@Adang de zhi shi du ben@e修订本@f徐仲伟主编@Fxu zhong wei zhu bian
210    @a重庆@c西南师范大学出版社@d2000@h2003
215    @a222页@d20cm
517 1  @a修订本@Axiu ding ben
601 02 @a中国共产党@x基本知识
690    @aD219@v3
692    @a33.121@v2
701  0 @a徐仲伟@Axu zhong wei@4主编
801  0 @aCN@bTSSF@c20070713
905    @a10447@dD219@e137=2
    
    党的知识读本:修订本/徐仲伟主编.-重庆:西南师范大学出版社,2000(2003)
    222页;20cm
    
    
    ISBN 7-5621-2315-2:CNY12.00
    
●
相关链接 在E读中查询图书 在五车中查询图书 在当当中查询图书 在豆瓣中查询图书


正题名:党的知识读本     索取号:D219/137=2         预约/预借

序号 登录号 条形码 馆藏地/架位号 状态 备注
1 0765604   207656044   第一样本阅览室/ [索取号:D219/137=2] 在馆    
唐山师范学院图书馆 欢迎您!
大连网信软件有限公司© 版权所有